000 00729nam a2200277Ia 4500
005 20250425161839.0
008 250425s9999 xx 000 0 und d
020 _a8436810209
041 _aspa
043 _asp
082 _a382
100 _aDIAZ MIER, MIGUEL (COORDINADOR)
245 0 _aTECNICAS DE COMERCIO EXTERIOR II
250 _aS.E.
260 _aEspaƱa
_bEDICIONES PIRAMIDE S.A.
_c1998
260 _aMADRID
300 _a171
500 _aCOLECCION:ECONOMIA Y GESTION INTERNACIONAL
650 _aCOMERCIO EXTERIOR
650 _aCOMERCIO INTERNACIONAL
650 _aMERCADO INTERNACIONAL
650 _aTECNICAS DE MERCADEO
710 _aEDICIONES PIRAMIDE S.A.
942 _c01
010 _a32170
999 _c217332
_d217332